000 00743nam a22002177a 4500
005 20180803165620.0
008 141217b2013 ck Il. |r|||| 00| 0 spa d
040 _cCO-BoIH
041 _aspa
044 _ack
090 _aEA
_b00213
245 _aValora nuestros humedales :
_bLaguna Salá, Jagüey Bocagrande, Jagüey La Esperanza, Jagüey Mano de Dios
260 _aRiohacha :
_bCORPOGUAJIRA,
_bAlcaldía Mayor de Riohacha,
_bCORPODER,
_c2013
300 _a24 pag
_bFot (col)., il.
_c16 cm.
650 6 _aHumedales.
_992440
650 6 _aConservación de humedales
_921393
650 6 _aRecursos acuáticos
_930623
650 _aDiversidad biológica
_930624
650 _aConservación de los recursos naturales
_930625
942 _2z
_cLIBRO
999 _c8898
_d8898